000 00525nam a22001817a 4500
005 20251108170021.0
008 250721s1998 xx 000 0 ara d
082 1 4 _aط/ق/لاغ
100 1 _aلاغرلوف، سلمي
245 1 0 _aالبديل /
264 1 _aستوكهولم :
_bدار المني،
_c1998.
300 _a28ص : مص
650 1 7 _aالقصص العربية
700 1 _aإبراهيم، سكينة
_eترجمة
700 1 _aفاغرييرغ، ماي
_eرسم
942 _2ddc
_cBK
999 _c37490
_d37490